Every Governor of Vermont - Statistics

General Stats
  • This quiz has been taken 30 times
  • The average score is 26 of 82
Answer Stats
Picture Hint Answer % Correct
R(2017-) Phil Scott
91%
R(1935-1937) Charles M. Smith
55%
R(1898-1900) Edward C. Smith
55%
DR(1807-1808) Israel Smith
55%
R(1863-1865) J. Gregory Smith
55%
D(2011-2017) Peter Shumlin
55%
R(1906-1908) Fletcher D. Proctor
45%
D(1991-2003) Howard Dean
45%
R(2003-2011) Jim Douglas
45%
D(1985-1991) Madeleine Kunin
45%
R(1945-1947) Mortimer R. Proctor
45%
R(1878-1880) Redfield Proctor
45%
R(1923-1925) Redfield Proctor Jr.
45%
W(1848-1850) Carlos Coolidge
36%
R(1947-1950) Ernest W. Gibson Jr.
36%
R(1908-1910) George H. Prouty
36%
R(1959-1961) Robert T. Stafford
36%
R(1912-1915) Allen M. Fletcher
27%
R(1874-1876) Asahel Peck
27%
R(1890-1892) Carroll S. Page
27%
R(1904-1906) Charles J. Bell
27%
W(1850-1852) Charles K. Williams
27%
W(1841-1843) Charles Paine
27%
R(1915-1917) Charles W. Gates
27%
DR(1823-1826) Cornelius P. Van Ness
27%
R(1969-1973) Deane C. Davis
27%
R(1886-1888) Ebenezer J. Ormsbee
27%
R(1860-1861) Erastus Fairbanks
27%
W(1852-1853) Erastus Fairbanks
27%
NR(1826-1828) Ezra Butler
27%
R(1925-1927) Franklin S. Billings
27%
R(1961-1963) F. Ray Keyser Jr.
27%
R(1861-1863) Frederick Holbrook
27%
R(1937-1941) George David Aiken
27%
R(1870-1870) George W. Hendee
27%
R(1950-1951) Harold J. Arthur
27%
R(1858-1860) Hiland Hall
27%
W(1846-1848) Horace Eaton
27%
R(1876-1878) Horace Fairbanks
27%
R(1917-1919) Horace F. Graham
27%
F(1808-1809) Isaac Tichenor
27%
F(1797-1807) Isaac Tichenor
27%
R(1921-1923) James Hartness
27%
R(1910-1912) John A. Mead
27%
R(1867-1869) John B. Page
27%
R(1927-1931) John E. Weeks
27%
R(1902-1904) John G. McCullough
27%
R(1882-1884) John L. Barstow
27%
W(1843-1844) John Mattocks
27%
D(1853-1854) John S. Robinson
27%
R(1870-1872) John W. Stewart
27%
DR(1815-1820) Jonas Galusha
27%
DR(1809-1813) Jonas Galusha
27%
R(1955-1959) Joseph B. Johnson
27%
R(1896-1898) Josiah Grout
27%
R(1872-1874) Julius Converse
27%
R(1951-1955) Lee E. Emerson
27%
R(1892-1894) Levi K. Fuller
27%
F(1813-1815) Martin Chittenden
27%
DR(1797-1797) Paul Brigham
27%
R(1865-1867) Paul Dillingham
27%
R(1919-1921) Percival W. Clement
27%
R(1869-1870) Peter T. Washburn
27%
D(1963-1969) Philip H. Hoff
27%
R(1991-1991) Richard A. Snelling
27%
R(1977-1985) Richard A. Snelling
27%
DR(1820-1823) Richard Skinner
27%
R(1880-1882) Roswell Farnham
27%
R(1856-1858) Ryland Fletcher
27%
NR(1828-1831) Samuel C. Crafts
27%
R(1884-1886) Samuel E. Pingree
27%
W(1835-1841) Silas H. Jennison
27%
R(1931-1935) Stanley C. Wilson
27%
W(1854-1856) Stephen Royce
27%
I(1791-1797) Thomas Chittenden
27%
D(1973-1977) Thomas P. Salmon
27%
R(1894-1896) Urban A. Woodbury
27%
AM(1831-1835) William A. Palmer
27%
R(1941-1945) William H. Wills
27%
R(1888-1890) William P. Dillingham
27%
W(1844-1846) William Slade
27%
R(1900-1902) William W. Stickney
27%
No matching quizzes found
Score Distribution
Percent of People with Each Score
Percentile by Number Answered
Your Score History
You have not taken this quiz